Experience new/ (Record no. 163570)

MARC details
000 -LEADER
fixed length control field 00585nam a2200181 4500
005 - DATE AND TIME OF LATEST TRANSACTION
control field 20190424114719.0
010 ## - LCCN (DPL NO)
LC control number ENG-125067
020 ## - INTERNATIONAL STANDARD BOOK NUMBER
International Standard Book Number 9789381008669
Terms of availability 140.00
035 ## - SYSTEM CONTROL NUMBER
System control number EN-108599
037 ## - SOURCE OF ACQUISITION
Source of stock number/acquisition DBAD/PUB
082 ## - DEWEY DECIMAL CLASSIFICATION NUMBER
Classification number 230.35
100 ## - MAIN ENTRY--PERSONAL NAME
Personal name Sai,Vasantha
245 ## - TITLE STATEMENT
Title Experience new/
Statement of responsibility, etc by Vasantha Sai
260 ## - PUBLICATION, DISTRIBUTION, ETC. (IMPRINT)
Place of publication, distribution, etc Madurai
Name of publisher, distributor, etc Sri Vasanthasai Books & Publications Trust
Date of publication, distribution, etc 2012
270 ## - ADDRESS
Address MuktiNilayam,Royapalayam Village B.O.
City Tirumangalam S.O, Madurai
Postal code 625706
Electronic mail address mukthinilayam@gmail.com
300 ## - PHYSICAL DESCRIPTION
Extent 210.p.
Dimensions 22cm. (pbk)
942 ## - ADDED ENTRY ELEMENTS (KOHA)
Source of classification or shelving scheme Dewey Decimal Classification
Item type English Books
Classification part 230.35
Call number suffix SAI
Holdings
Withdrawn status Lost status Not for loan Collection code Home library Current library Date acquired Source of acquisition Cost, normal purchase price Full call number Barcode Copy number Cost, replacement price Koha item type
    Not For Loan Non-fiction D.B.Act.Division Ashok Vihar 24/04/2019 DBAD/PUB 140.00 230.35 SAI EN-108599 1 140.00 English Books

© Delhi Public Library
Hit Counter
free hit counter